Geography Quiz

Random Geography or World Quiz

Animals on Flags Quiz Stats

 Plays Quiz Updated Aug 21, 2015

Challenge
Share
Tweet
Embed
Score 0/23 Timer 05:00
0 Plays Today
Country Animal % Correct
MontenegroEagle, Lion
98.1%
MoldovaEagle, Bull
97%
AlbaniaEagle
95.9%
KazakhstanSteppe eagle
95.9%
EgyptEagle
95.9%
ZambiaEagle
95.9%
SerbiaEagle
95.9%
MexicoRattlesnake, Golden Eagle
95%
FijiLion, Dove
85.6%
SpainLion
85%
Sri LankaLion
85%
CroatiaLeopard heads, Marten, Goat
84.8%
Country Animal % Correct
ZimbabweZimbabwe Bird
83.4%
AndorraBulls
58%
VenezuelaHorse
38.4%
BoliviaAlpaca, Condor
34.2%
EcuadorCondor
30.2%
DominicaSisserou Parrot
26%
Papua New GuineaBird-of-Paradise
18.5%
UgandaGray-crowned crane
15.4%
GuatemalaQuetzal
12.4%
KiribatiFrigatebird
11.9%
PeruVicuña
8.4%

You're not logged in!

Compare scores with friends on all Sporcle quizzes.
OR
Log In

You Might Also Like...

Show Comments

Extras

Top Quizzes Today


Score Distribution

Your Account Isn't Verified!

In order to create a playlist on Sporcle, you need to verify the email address you used during registration. Go to your Sporcle Settings to finish the process.

Report this User

Report this user for behavior that violates our Community Guidelines.

Details: